Sahithyacharithram Prasthanagaliloode (Record no. 19214)

MARC details
000 -LEADER
fixed length control field 00409nam a2200133Ia 4500
008 - FIXED-LENGTH DATA ELEMENTS--GENERAL INFORMATION
fixed length control field 211109s9999||||xx |||||||||||||| ||und||
082 ## - DEWEY DECIMAL CLASSIFICATION NUMBER
Classification number 894.812
Item number GEO-S
100 ## - MAIN ENTRY--PERSONAL NAME
Personal name George, K M
245 #0 - TITLE STATEMENT
Title Sahithyacharithram Prasthanagaliloode
260 ## - PUBLICATION, DISTRIBUTION, ETC.
Name of publisher, distributor, etc. National Book Stall
Place of publication, distribution, etc. Kottayam
Date of publication, distribution, etc. 1958
630 ## - SUBJECT ADDED ENTRY--UNIFORM TITLE
General subdivision POST GRADUATE REFERENCE
650 ## - SUBJECT ADDED ENTRY--TOPICAL TERM
Topical term or geographic name entry element Malayalam literature
942 ## - ADDED ENTRY ELEMENTS (KOHA)
Koha item type BOOK
650 ## - SUBJECT ADDED ENTRY--TOPICAL TERM
Form subdivision literature historyauthors
General subdivision Malayalam
Holdings
Withdrawn status Lost status Damaged status Not for loan Home library Current library Date acquired Cost, normal purchase price Total Checkouts Full call number Barcode Shelving location Date last seen Price effective from Koha item type
        SB LIBRARY SB LIBRARY 09/11/2021 12.50   894.812 GEO-S 00019900 POST GRADUATE REFERENCE 09/11/2021 09/11/2021 BOOK

Powered by Koha